000 00918nam a2200289Ia 4500
001 Para_8267
003 CHAP
008 220125s9999 xx 000 0 und d
010 _a205771
040 _cCHAP
082 _aPA-C 595.752 A6
100 _aMordvilko, A.
_9171882
245 _aThe evolution of cycles and the origin of heteroecy (Migrations) in plant lice /
_c by A. Mordvilko
300 _a13 p.
440 _aaphidae; 7
_9171883
500 _aSobretiro de: Anals and magazine of natural history 2: 570-582, 1928. Encuadernado con otros impresos similares
650 _aAfididos
_x Colecciones de escritos
_91032
650 _aAgricultura
_x plagas
_91764
650 _aMigración de insectos
_975599
901 _aPA-C 595.752 A6
902 _aM
905 _a000000 0000000000 00
910 _a
942 _cPARA
942 _cPARA
_d1
999 _c205771
_d205771